|
|
|
|
| LEADER |
03165nam a2200697 4500 |
| 001 |
ocn858081358 |
| 003 |
OCoLC |
| 005 |
20170124070423.4 |
| 006 |
m o d |
| 007 |
cr ||||||||||| |
| 008 |
130911s2014 enk ob 001 0 eng |
| 010 |
|
|
|a 2013036795
|
| 040 |
|
|
|a DLC
|b eng
|e rda
|e pn
|c DLC
|d YDX
|d N$T
|d DG1
|d E7B
|d YDXCP
|d COO
|d OCLCF
|d B24X7
|d OTZ
|d OCLCO
|d NKT
|d OCLCQ
|d EBLCP
|d DG1
|d GrThAP
|
| 019 |
|
|
|a 959872781
|a 961554964
|a 962563005
|
| 020 |
|
|
|a 9781118536384
|q (ePub)
|
| 020 |
|
|
|a 111853638X
|q (ePub)
|
| 020 |
|
|
|a 9781118536377
|q (Adobe PDF)
|
| 020 |
|
|
|a 1118536371
|q (Adobe PDF)
|
| 020 |
|
|
|a 9781118536391
|q (electronic bk.)
|
| 020 |
|
|
|a 1118536398
|q (electronic bk.)
|
| 020 |
|
|
|a 111995018X
|q (hbk.)
|
| 020 |
|
|
|a 9781119950189
|q (hbk.)
|
| 020 |
|
|
|a 9781306426978
|q (MyiLibrary)
|
| 020 |
|
|
|a 1306426979
|q (MyiLibrary)
|
| 020 |
|
|
|z 9781119950189
|q (cloth)
|
| 029 |
1 |
|
|a CHBIS
|b 010441757
|
| 029 |
1 |
|
|a CHVBK
|b 334092159
|
| 029 |
1 |
|
|a DEBBG
|b BV041877653
|
| 029 |
1 |
|
|a GBVCP
|b 790211882
|
| 029 |
1 |
|
|a NZ1
|b 15495754
|
| 029 |
1 |
|
|a NZ1
|b 15906628
|
| 029 |
1 |
|
|a NZ1
|b 16092127
|
| 035 |
|
|
|a (OCoLC)858081358
|z (OCoLC)959872781
|z (OCoLC)961554964
|z (OCoLC)962563005
|
| 042 |
|
|
|a pcc
|
| 050 |
0 |
0 |
|a TL243
|
| 072 |
|
7 |
|a TEC
|x 009000
|2 bisacsh
|
| 082 |
0 |
0 |
|a 629.2/31
|2 23
|
| 049 |
|
|
|a MAIN
|
| 100 |
1 |
|
|a Tanelli, Mara.
|
| 245 |
1 |
0 |
|a Modelling, simulation and control of two-wheeled vehicles /
|c Mara Tanelli, Sergio Savaresi and Matteo Corno.
|
| 246 |
3 |
|
|a Modeling, simulation and control of two-wheeled vehicles
|
| 264 |
|
1 |
|a Chichester, West Sussex, UK :
|b John Wiley & Sons,
|c [2014]
|
| 300 |
|
|
|a 1 online resource.
|
| 336 |
|
|
|a text
|b txt
|2 rdacontent
|
| 337 |
|
|
|a computer
|b c
|2 rdamedia
|
| 338 |
|
|
|a online resource
|b cr
|2 rdacarrier
|
| 490 |
1 |
|
|a Automotive series
|
| 504 |
|
|
|a Includes bibliographical references and index.
|
| 588 |
0 |
|
|a Print version record and CIP data provided by publisher.
|
| 505 |
0 |
|
|a Part one. Two-Wheeled vehicles modelling and simulation -- part two. Two-wheeled vehicles control and estimation problems.
|
| 520 |
|
|
|a This book discusses all aspects of two-wheeled vehicles, comprehensively covering the main methods, tools and approaches to address the modelling, simulation and control design issues. It also offers a perspective on the future trends in the field, outlining the challenges and the industrial and academic development scenarios. Extensive reference to real-world problems and experimental tests is also included throughout. --
|c Edited summary from book.
|
| 650 |
|
0 |
|a Motorcycles
|x Dynamics.
|
| 650 |
|
7 |
|a TECHNOLOGY & ENGINEERING
|x Engineering (General)
|2 bisacsh
|
| 650 |
|
7 |
|a Motorcycles
|x Dynamics.
|2 fast
|0 (OCoLC)fst01028068
|
| 655 |
|
4 |
|a Electronic books.
|
| 700 |
1 |
|
|a Savaresi, Sergio M.
|
| 700 |
1 |
|
|a Corno, Mauro,
|d 1970-
|
| 776 |
0 |
8 |
|i Print version:
|a Tanelli, Mara.
|t Modelling, simulation and control of two-wheeled vehicles.
|d Chichester, West Sussex : John Wiley & Sons, [2014]
|z 9781119950189
|w (DLC) 2013036260
|
| 830 |
|
0 |
|a Automotive series (Wiley)
|
| 856 |
4 |
0 |
|u https://doi.org/10.1002/9781118536391
|z Full Text via HEAL-Link
|
| 994 |
|
|
|a 92
|b DG1
|